000 00717nam a2200277Ia 4500
005 20260320195827.0
008 008 262003s9999 xx 000 0 hin d
020 _a9789388183215
037 _aEBOOK
040 _aCRL
040 _bhin
040 _cCRL
041 _2hin
041 _ahin
084 _qCRL
100 _aसं. शैलेश कुमार, डॉ. नीलम सिंह
_91133236
245 0 _aआलोचना अनुक्रमणिका
250 _a1st
260 _bRajkamal
260 _c2021
300 _a264
856 _uhttps://ebook.indiaread.in/pdfs/Alochana_anukramanika.pdf
942 _cEBOOK
999 _c1716719
_d1716719